Home Print Resources E-Books E-Journals IIMT Lecture Series Library Membership Form Book Recommendation Form Campus Tour Take AdmissionAbout Us Contact Us

VYAVHARIK PATRAKARITA (Record no. 9282)

000 -LEADER
fixed length control field 00343nam a2200145Ia 4500
003 - CONTROL NUMBER IDENTIFIER
control field OSt
005 - DATE AND TIME OF LATEST TRANSACTION
control field 20240110125756.0
008 - FIXED-LENGTH DATA ELEMENTS--GENERAL INFORMATION
fixed length control field 170524s9999 xx 000 0 und d
020 ## - INTERNATIONAL STANDARD BOOK NUMBER
International Standard Book Number 9788179650677
040 ## - CATALOGING SOURCE
Transcribing agency IIMT UNIVERSITY
100 ## - MAIN ENTRY--PERSONAL NAME
Personal name SHARMA - ARJUN
245 #0 - TITLE STATEMENT
Title VYAVHARIK PATRAKARITA
260 ## - PUBLICATION, DISTRIBUTION, ETC.
Name of publisher, distributor, etc. N DELHI TAKSHSHILA
942 ## - ADDED ENTRY ELEMENTS (KOHA)
Source of classification or shelving scheme
Koha item type Text-Book- for 7 days
Holdings
Withdrawn status Lost status Source of classification or shelving scheme Damaged status Not for loan Home library Current library Date acquired Barcode Date last seen Price effective from Koha item type Total Checkouts Date last checked out
          IIMT University Central Library Meerut IIMT University Central Library Meerut 06/01/2017 01-B-94318 06/01/2017 06/01/2017 Book Bank    
          IIMT University Central Library Meerut IIMT University Central Library Meerut 06/01/2017 01-B-94319 01/08/2019 06/01/2017 Book Bank 1 12/20/2018
          IIMT University Central Library Meerut IIMT University Central Library Meerut 06/01/2017 01-B-94320 06/01/2017 06/01/2017 Book Bank    
IIMT, Central Library. All Rights Reserved IIMT,UNIVERSITY © 2023
Implemented and Customised by I CLOUDE EMS
You Are OPAC Visitor No
free web counter

Powered by Koha